000 00646nam a22001935i 4500
001 171862
003 ES-MaACL
005 20230906214742.0
008 090604s1977 sp |||| | spa d
080 _a929 Solzhenitsyn, Aleksandr Isaevich
080 _a821.161.1-94"19"
100 1 _aSolzhenitsyn, Aleksandr Isaevich.
_9107256
245 1 0 _aMemorias
_b: (coces al aguijón) /
_c[por] Alexandr Solzhenitsin ; [traducción del ruso V. Lamsdorff].
250 _a[1ª ed.].
260 _aBarcelona :
_bArgos,
_c1977.
300 _a460 p. ;
_c22 cm.
700 1 _aLamsdorff-Galagane, Vladimiro.
_969875
852 _aES-MaACL
_jA-6888
_9R.95824
999 _c171862
_d171862